000 00455nam a22001817a 4500
999 _c526473
_d526473
003 NUST
005 20190712100746.0
038 _aFaiza
082 _a891.4393
_bTAR
100 _aTariq, Maqbool
_917481
245 _aGehri Fikrin /
_cMaqbool Tariq
260 _aSakhar:
_bTariq Academy,
_c1981.
300 _a554p. ;
500 _aHard Cover
880 _6100-01\r
_aگہری فکریں
880 _6245-02\r
_a /گہری فکریں
942 _2ddc
_cBK